Budúcnosť je vo využívaní mikrozávlah

Bibliographic Details
Main Author: Hríbik, Ján, 1950- (Author)
Format: Article
Language:Slovak
ISSN:1335-440X
Subjects:

MARC

LEADER 00000nab a2200000 ar4500
001 vtls008408858
003 SK-MaSNL
005 20260303070112.0
008 051110c20051021xo wr|p|||||||000 b|slo
015 |a SNBRB2005/11  |2 snkbucl 
038 |a SNKBUCL 
040 |a SNKBUCL  |b slo  |c SNKBUCL  |e AACR2 
041 0 |a slo 
044 |a xo  |c SK 
080 |a 631.674.6  |2 UDC-MRF-SK2 
100 1 |a Hríbik, Ján,  |d 1950-  |4 aut  |9 360364 
245 1 0 |a Budúcnosť je vo využívaní mikrozávlah  |c Ján Hríbik 
650 0 7 |a závlahy  |2 snkbucl  |9 13225 
650 0 7 |a kvapková závlaha  |2 snkbucl  |9 1030840 
773 0 |t Sme. Roľnícke noviny  |g Č. 244 (21.10.2005)  |x 1335-440X 
773 0 8 |i Príl.:  |t Roľnícke noviny  |g Č. 43 (21.10.2005), s. 10 
852 |a SNK  |b KIS3GCP 
999 |c 1753970  |d 1755900